000 00601nam a2200169Ia 4500
008 090201s9999 xx 000 0 und d
010 _aKPL-57786
040 _bमराठी
041 _aमराठी
082 _a7991
_b57786
100 _aप मधुसुदन घाणेकर
245 _aअक्षर सांगते स्वभाव
_cप मधुसुदन घाणेकर
260 _c2004
_bइंद्रायणी प्रकाशन
300 _a68
_bमोठा
600 _aअक्षर सांगते स्वभाव
942 _cBOOK
999 _c208644
_d208644